Applied algebra : (رقم التسجيلة. 32388)

تفاصيل مارك
000 -الفاتح
حقل البيانات ثابتة الطول 01556cam a2200373 a 4500
001 - رقم الضبط
رقم الضبط 15579424
003 - محدد رقم الضبط
رقم الضبط OSt
005 - وقت وتاريخ اخر تعامل مع التسجيلة
رقم الضبط 20150408114155.0
008 - عناصر البيانات ثابتة الطول - معلومات عامة
حقل البيانات ثابتة الطول 090108s2009 flua b 001 0 eng
010 ## - رقم ضبط مكتبة الكونجرس
رقم ضبط مكتبة الكونجرس 2009000533
020 ## - الرقم الدولى المعيارى للكتب
الرقم الدولى المعيارى للكتاب 9781420071429 (hardcover : alk. paper)
020 ## - الرقم الدولى المعيارى للكتب
الرقم الدولى المعيارى للكتاب 1420071424 (hardcover : alk. paper)
035 ## - رقم ضبط النظام
رقم ضبط النظام (OCoLC)172980272
040 ## - مصدر الفهرسة
وكالة الفهرسة الأصلية DLC
وكالة النسخ DLC
وكالة التعديل BTCTA
-- BAKER
-- YDXCP
-- C#P
-- BWX
-- DVP
-- CDX
-- DLC
050 00 - رقم طلب مكتبة الكونجرس
رقم التصنيف QA268
رقم المادة .H365 2009
082 00 - رقم تصنيف ديوى العشرى
رقم التصنيف 003.54
رقم الطبعة 22
رقم المادة HDA
100 1# - المدخل الرئيسى - إسم شخصى
الإسم الشخصى Hardy, Darel W.
9 (RLIN) 40579
245 10 - بيان العنوان
العنوان Applied algebra :
بقية العنوان codes, ciphers, and discrete algorithms /
بيان المسئوليه,etc Darel W. Hardy, Fred Richman, Carol L. Walker.
250 ## - بيان الطبعة
بيان الطبعة 2nd ed.
260 ## - PUBLICATION, DISTRIBUTION, ETC. (IMPRINT)
مكان الناشر او الموزع Boca Raton :
اسم الناشر او الموزع CRC Press,
تاريخ النشر أو التوزيع c2009.
300 ## - الوصف المادى
التعداد 410 p. :
تفاصيل ماديه اخرى للوعاء ill. ;
أبعاد الوعاء 24 cm. +
المادة المصاحبة 1 CD-ROM (4 3/4 in.).
490 1# - بيان السلسلة
عنوان السلسلة Discrete mathematics and its applications
500 ## - تبصرة عامة
تبصرة عامة "A Chapman & Hall book."
504 ## - تبصرة ببليوجرافية
تبصرة ببليوجرافية,الخ Includes bibliographical references (p. 395-396) and index.
650 #0 - المدخل الاضافى بالموضوع-مصطلح موضوعى
مصطلح موضوعي أو اسم جغرافي كعنصر مدخل Coding theory.
650 #0 - المدخل الاضافى بالموضوع-مصطلح موضوعى
مصطلح موضوعي أو اسم جغرافي كعنصر مدخل Computer security
التقسيم الفرعي العام Mathematics.
9 (RLIN) 40580
700 1# - المدخل الاضافى - اسم شخصى
الإسم الشخصى Walker, Carol L.,
التواريخ المصاحبة للاسم 1935-
9 (RLIN) 40581
700 1# - المدخل الاضافى - اسم شخصى
الإسم الشخصى Richman, Fred,
التواريخ المصاحبة للاسم 1938-
9 (RLIN) 40582
830 #0 - المدخل الاضافى بالسلسلة -عنوان موحد
عنوان موحد Discrete mathematics and its applications.
9 (RLIN) 40137
856 41 - الوصول و الموقع الالكترونى
مواد محددة Table of contents only
معرف المصدر الموحد <a href="http://www.loc.gov/catdir/toc/fy0906/2009000533.html">http://www.loc.gov/catdir/toc/fy0906/2009000533.html</a>
906 ## - عنصر بيانات محلى F, LDF (RLIN)
a 7
b cbc
c orignew
d 1
e ecip
f 20
g y-gencatlg
942 ## - عناصر المدخل الإضافي( كوها)
مصدر التصنيف او مخطط الترفيف Dewey Decimal Classification
Koha [default] item type DVD
المقتنيات
حالة الفقد نموذج السعر الفعال حالة تلف ليس للاعارة رقم الطلب تاريخ الاكتساب الموقع الحالي الفرع الرئيسي Date last seen نوع المادة فى نظام كوها مصدر التصنيف او خطة الترفيف Total Checkouts
  2013-11-18     003.54 HDA 2013-11-18 المكتبة المركزية بالمجمعة (CL) المكتبة المركزية بالمجمعة (CL) 2013-11-18 كتاب Dewey Decimal Classification